සැමදා මිතුරෝ - කවුරුත් සතුටින්

Saved in:
Bibliographic Details
Main Author: වෙත්තසිංහ, සිබිල්
Format: Book
Language:English
Sinhalese
Published: නුගේගොඩ; සුමිත ප්‍රකාශන, 2019.
Subjects:
Tags: Add Tag
No Tags, Be the first to tag this record!

MARC

LEADER 00000nam a22000007a 4500
003 LK-DoPL
005 20260312125621.0
008 260312b |||||||| |||| 00| 0 eng d
020 |a 9789556962505 
040 |a LK-DoPL  |b sin   |d LK-DoPL 
041 |a sin  
082 |2 891.483  |b වෙත්ත, 
100 |a වෙත්තසිංහ, සිබිල්  
245 |a සැමදා මිතුරෝ - කවුරුත් සතුටින්  |c සිබිල් වෙත්තසිංහ  
260 |a නුගේගොඩ;  |b සුමිත ප්‍රකාශන,  |c 2019. 
300 |a පිටු:12; 
650 0 |a ළමාකතා 
942 |c CHBK 
999 |c 11076  |d 11076